000 00881nam a2200253Ia 4500
003 OSt
005 20221005113342.0
006 a|||||r|||| 00| 0
007 ta
008 221004b |||||||| |||| 00| 0 pan d
020 _a8173807620 (hbk)
_cINR 240.00
024 _a68593
037 _bSP/5334, 28/01/2020, Star Publications Pvt. Ltd.
_cTextual
040 _aCRL
_cCRL
_bpan
041 _2pan
_apan
082 _aQ8441, 153Q9
100 _aਸਿੰਘ, ਜੋਧ, ਥਦ.
245 0 _aਸਿੱਖੀ ਕੀ ਹੈ <
260 _aਪਟਿਆਲਾ
_bੁਪਬਲੀਕੇFਨ ਬਿਊਰੋ ਭਾਰਤ
_c2019
300 _a114ਪ੍ਰ0
_ccm.
650 _aਸਿੱਖ ਧਰਮ
_9156314
942 _hQ8441, 153Q9
_cTEXL
_2cc
999 _c1027880
_d1027880